书目信息 |
| 题名: |
划线工必读
|
|
| 作者: | ;天津第一机械工业局 主编 | |
| 分册: | ||
| 出版信息: | 天津 天津科学技术出版社 1981 |
|
| 页数: | 491页 | |
| 开本: | 20cm | |
| 丛书名: | 工人技术等级标准自学丛书 | |
| 单 册: | ||
| 中图分类: | TG931 | |
| 科图分类: | ||
| 主题词: | 钳工--工艺--方法 , 钳工装配工具 | |
| 电子资源: | ||
| ISBN: | ||
| 000 | 00712nam0 2200229 45 | |
| 001 | 0312221749 | |
| 005 | 20060927154315.87 | |
| 010 | @dCNY1.07 | |
| 091 | @a15212.35 | |
| 100 | @a20031222d1981 km y0chiy0120 ea | |
| 101 | @achi | |
| 200 | 1 | @a划线工必读@AHua Xian Gong Bi Du@f天津第一机械工业局主编@Ftian jin di yi ji xie gong ye ju zhu bian |
| 210 | @a天津@c天津科学技术出版社@d1981 | |
| 215 | @a491页@d20cm | |
| 225 | 2 | @a工人技术等级标准自学丛书 |
| 410 | 0 | @12001 @a工人技术等级标准自学丛书 |
| 606 | 0 | @a钳工@x工艺@x方法 |
| 606 | 0 | @a钳工装配工具 |
| 690 | @aTG931@v3 | |
| 711 | 0 | @a天津第一机械工业局@Atian jin di yi ji xie gong ye ju@4主编 |
| 801 | @aCN@bTSTCL@c20060927 | |
| 905 | @a213230@dTG931@e10 | |
| 划线工必读/天津第一机械工业局主编.-天津:天津科学技术出版社,1981 |
| 491页;20cm.-(工人技术等级标准自学丛书) |
| ISBN :CNY1.07 |
| ● |
| 相关链接 |
|
|
|
|
正题名:划线工必读
索取号:TG931/10
 
预约/预借
| 序号 | 登录号 | 条形码 | 馆藏地/架位号 | 状态 | 备注 |
| 1 | 0061779 | 202340458 | 密集书库/ [索取号:TG931/10] | 在馆 | |
| 2 | 0061780 | 202340412 | 密集书库/ [索取号:TG931/10] | 在馆 | |
| 3 | 0061781 | 001363303 | 第二样本阅览室/ [索取号:TG931/10] | 在馆 | |
| 4 | 0422824 | 204228246 | 密集书库/ [索取号:TG931/10] | 在馆 | |
| 5 | 0439063 | 204390630 | 密集书库/ [索取号:TG931/10] | 在馆 |